Elements of spatial structures : (Record no. 12043)

000 -LEADER
fixed length control field 00874cam a22002537a 4500
003 - CONTROL NUMBER IDENTIFIER
control field OSt
005 - DATE AND TIME OF LATEST TRANSACTION
control field 20240117155541.0
008 - FIXED-LENGTH DATA ELEMENTS--GENERAL INFORMATION
fixed length control field 070817s2003 enka 000 0 eng
020 ## - INTERNATIONAL STANDARD BOOK NUMBER
International Standard Book Number 9780727731494
020 ## - INTERNATIONAL STANDARD BOOK NUMBER
International Standard Book Number 0727731491
082 04 - DEWEY DECIMAL CLASSIFICATION NUMBER
Classification number 624.1773
Edition number 21
Item number BAN
100 1# - MAIN ENTRY--PERSONAL NAME
Personal name Bangash, M. Y. H.
245 10 - TITLE STATEMENT
Title Elements of spatial structures :
Remainder of title analysis and design /
Statement of responsibility, etc M.Y.H. Bangash and T. Bangash.
260 ## - PUBLICATION, DISTRIBUTION, ETC. (IMPRINT)
Place of publication, distribution, etc London :
Name of publisher, distributor, etc Thomas Telford,
Date of publication, distribution, etc 2003.
300 ## - PHYSICAL DESCRIPTION
Extent xviii, 669 p. :
Other physical details ill. ;
Dimensions 25 cm.
504 ## - BIBLIOGRAPHY, ETC. NOTE
Bibliography, etc Includes bibliographical references.
650 #0 - SUBJECT ADDED ENTRY--TOPICAL TERM
Topical term or geographic name as entry element Structural analysis (Engineering)
650 #0 - SUBJECT ADDED ENTRY--TOPICAL TERM
Topical term or geographic name as entry element Space frame structures.
650 #0 - SUBJECT ADDED ENTRY--TOPICAL TERM
Topical term or geographic name as entry element Shells (Engineering)
700 1# - ADDED ENTRY--PERSONAL NAME
Personal name Bangash, T.
906 ## - LOCAL DATA ELEMENT F, LDF (RLIN)
a 7
b cbc
c copycat
d 2
e ncip
f 20
g y-gencatlg
942 ## - ADDED ENTRY ELEMENTS (KOHA)
Source of classification or shelving scheme
955 ## - COPY-LEVEL INFORMATION (RLIN)
Classification number, CCAL (RLIN) nb05 2007-08-17 z-processor ; nb05 2007-08-17 to ASCD for processing
Copy status, CST (RLIN) jx14 2007-09-24 to jx01
Holdings
Withdrawn status Lost status Source of classification or shelving scheme Damaged status Koha normalized classification for sorting Not for loan Permanent location Current location Date acquired Source of acquisition Cost, normal purchase price Full call number Barcode Date last seen Cost, replacement price Price effective from Koha item type
        624_177300000000000_BAN   BMS College of Architecture, Design and Planning BMS College of Architecture, Design and Planning 2024-01-17 10 6980.96 624.1773 BAN AR-UG3367 2024-01-17 9972.80 2024-01-17 UG Books
Copyright © 2025, The Librarian, Library and Information Centre, BMSCA D&P, Bengaluru. All Rights Reserved
web counter

Powered by Koha